000 01082nmm a2200385 a 4500
003 AR-Y00000XR
005 20251128211901.0
008 097020s2001 ||||||||||||||000 | spa||
020 _a987-9028-27-9
040 _cAR-Y00000XR
245 1 0 _aLa historiografía rioplatense en la posguerra
260 _aBuenos Aires
_bEditorial La colmena
_c2001
300 0 _a155 p.
600 1 4 _aCárbia, Rómulo D.
600 1 4 _aLevene, Ricardo
600 1 4 _aMolinari, Diego Luis
650 4 _aHISTORIA ARGENTINA
650 4 _aHISTORIADORES
650 4 _aHISTORIOGRAFIA ARGENTINA
650 4 _aSIGLO DIECINUEVE
650 4 _aSEGUNDA GUERRA MUNDIAL
650 4 _aMETODO HISTORICO
650 4 _aINVESTIGACION HISTORICA
650 4 _aESCRITURA HISTORICA
650 4 _aANALISIS HISTORICO
651 4 _aRío de la Plata
651 4 _aBuenos Aires [Capital Federal]
651 4 _aUruguay
653 0 _aPERONISMO
653 0 _aPOSTGUERRA
700 1 _aPagano, Nora
_ecompilador
700 1 _aRodríguez, Martha
_ecomentarios
942 _cBK
998 _cme-solo cat
999 _c21462
_d21462